đź“–đź’¬ Paroles "Le Renard et la Cigogne" La Fontaine - Statistiques

Statistiques générales
  • Ce quiz a Ă©tĂ© pris 128 fois
  • Le rĂ©sultat moyen est 119 sur 216
Statistiques - réponses
Mots % Correct
Ă 
100%
A
100%
l'
100%
c'
98%
Cigogne.
98%
Cigogne
98%
la
98%
La
98%
lĂ 
98%
le
98%
Le
98%
Renard
98%
d'
93%
Et
89%
et
89%
j'
89%
un
89%
de
87%
De
87%
une
87%
(il
83%
il,
83%
il
83%
Il
83%
n'
83%
qu'
83%
que
80%
se
80%
bec
78%
Ce
78%
en
78%
En
78%
pour
78%
Pour
78%
est
76%
par
76%
jour
74%
du
72%
ne
72%
au
70%
Je
70%
Mais
67%
son
67%
cette
65%
vous
65%
long
63%
sur
61%
assiette :
59%
lui
59%
dit-
57%
tout
57%
tout ;
57%
sans
54%
y
54%
avec
52%
On
52%
vase
52%
mes
50%
bien
46%
Bon
46%
car
46%
col,
43%
comme
43%
museau
43%
servi
43%
petit,
41%
était
39%
dîner
37%
point
37%
point.
37%
toute
37%
Avait
35%
fort
35%
fut
35%
quelque
35%
temps
35%
viande
35%
fais
33%
miette ;
33%
mit
33%
très
33%
autre
30%
odeur
28%
pris,
28%
put
28%
venger
28%
amis
24%
passer,
24%
Trouva
24%
appétit
22%
Compère
22%
eut
22%
commère
20%
lapé
20%
politesse,
20%
pouvait
20%
queue,
20%
servit
20%
attraper
17%
cuit
17%
fallut
17%
moment.
17%
morceaux,
17%
pareille.
17%
Sire
17%
Attendez-
15%
bas
15%
étroite
15%
heure
15%
logis
15%
logis ;
15%
Loua
15%
mesure.
15%
Poule
15%
régal
15%
aurait
13%
brouet
13%
clair
13%
écris,
13%
embouchure.
13%
Honteux
13%
hĂ´tesse,
13%
prie :
13%
Renards
13%
retourner
13%
tromperie,
13%
beaucoup
11%
chichement.)
11%
dite
11%
frais,
11%
jeun
11%
menus
11%
oreille.
11%
Trompeurs,
11%
vivai
11%
cérémonie.
9%
croyait
9%
Mise
9%
portant
9%
retint
9%
apprĂŞts ;
7%
besogne
7%
embarrasser
7%
galant
7%
réjouissait
7%
Serrant
7%
Volontiers,
7%
courut
4%
drĂ´le
4%
friande.
4%
manquent
4%
Aucun quiz correspondant
Distribution des résultats
% des personnes avec chaque résultat
Percentile par nombre de réponses
Votre historique - résultats
Vous n’avez pas pris ce quiz